| 000 | 00359nam a22001451a 4500 | ||
|---|---|---|---|
| 082 |
_aH1 _bJAW/T |
||
| 100 | _aJawaharlal Tarun | ||
| 245 |
_aTamsa ke dinakaro naman/ _cby Jawaharlal Tarun |
||
| 260 |
_aMadhya Pradesh: _bAbhivyaktha, _c1991. |
||
| 300 | _a104p. | ||
| 650 | _aLiterature Hindi | ||
| 650 | _aPoetry Hindi | ||
| 650 | _aLiterature | ||
| 942 | _cBK | ||
| 999 |
_c45978 _d45978 |
||